The image of the Federal service /

Bibliographic Details
Main Author: Kilpatrick, Franklin P. (Franklin Peirce), 1920-
Format: Book
Language:English
Published: Washington : Brookings Institution, [1964]
Subjects:

MARC

Tag First Indicator Second Indicator Subfields
LEADER 00000cam a2200000 4500
001 in00000039763
005 20151007064544.0
008 720322s1964 dcu b 00000 eng u
010 |a  64013789  
035 |a (OCoLC)00268846 
035 |9 AAE0104AM 
040 |c HEI  |d TXA  |d UtOrBLW 
049 |a TXAM  |c [402653] 
050 0 |a JK691  |b .K44 
082 0 |a 351.10973 
092 |a 351.10973  |b K48i 
100 1 |a Kilpatrick, Franklin P.  |q (Franklin Peirce),  |d 1920- 
245 1 4 |a The image of the Federal service /  |c [by] Franklin P. Kilpatrick, Milton C. Cummings, Jr. [and] M. Kent Jennings. 
264 1 |a Washington :  |b Brookings Institution,  |c [1964] 
300 |a xvii, 301 pages ;  |c 24 cm. 
336 |a text  |b txt  |2 rdacontent 
337 |a unmediated  |b n  |2 rdamedia 
338 |a volume  |b nc  |2 rdacarrier 
504 |a Includes bibliographical footnotes. 
650 0 |a Civil service  |z United States. 
999 |a MARS 
999 f f |s ec60f42a-54c8-3f68-ab78-c615bbd58f51  |i 590b1cc1-27e4-31c6-b3dd-a4a16b351e03  |t 0 
952 f f |p ric  |a Texas A&M University  |b Rellis Campus  |c Joint Library Facility  |d Remote Storage  |t 0  |e JK691 .K44  |h Library of Congress classification  |i unmediated -- volume  |m A14800794096 
998 f f |a JK691 .K44  |t 0  |l Remote Storage